00834 am a2200205 a 450000500170000000800410001702000150005804100080007310000300008124501200011125000110023126000550024230000110029750001880030865300250049665300280052165300220054970000310057170000260060220240625093729.0100622s2006||||ag d f |||| 001 0 spa d a987115495X aspa1 aMartínez, SilviaeComp. aPrograma de mejoramiento de la calidad educativa y retención estudiantil.b(UNCo 2004-2005) / cSilvia Martínez a1a ed. aNeuquén [Neuquén ; Argentina]: bEDUCO;c2006. a203 p. aMartínez, S., Echenique, M. y Reta, L. (2006). Programa de mejoramiento de la calidad educativa y retención estudiantil (UNCo 2004-2005). (1a ed.). Neuquén [Argentina] : EDUCO. aEducación Superior aRetención Estudiantil aCalidad educativa1 aEchenique, MónicaeComp.1 aReta, LucreciaeComp.